00735nam a22001817a 4500003000900000008004100009040007100050082001500121100002400136245006200160260003700222300002600259505018200285650001700467650002200484700002300506700002400529AR-CdUCM190518b ||||| |||| 00| 0 spa d aMUNICIPALIDAD PROVINCIAL DEL CUSCOcBIBLIOTECA MUNICIPAL DEL CUSCO a301 /bL32 aLazarsfeld, Paul F. aPlanificación sociológica de los problemas sociales / aBuenos Aires :bPaidós,c1971. a221 paginas ;c23 cm. aContenido: La pobreza urbana y la planificación social -- El resurgimiento de la planificación social -- Del tratamiento de la delincuencia al desarrollo de la comunidad ... aSociología aPolítica social aSewell, William H. aWilensky, Harold L.